| Tag |
First Indicator |
Second Indicator |
Subfields |
| LEADER |
00000nam a2200000 i 4500 |
| 001 |
in00005629708 |
| 006 |
m o d |
| 007 |
cr cnu---unuuu |
| 008 |
221217t20232023vaua ob 001 0 eng |
| 005 |
20250331130441.1 |
| 010 |
|
|
|a 2022055985
|
| 020 |
|
|
|a 0813949556
|q electronic book
|
| 020 |
|
|
|a 9780813949550
|q (electronic bk.)
|
| 020 |
|
|
|z 9780813949536
|q hardcover
|
| 020 |
|
|
|z 9780813949543
|q paperback
|
| 024 |
8 |
|
|a 19657401
|
| 035 |
|
|
|a (DLC)jstor22573/CATS16499788
|
| 037 |
|
|
|a 22573/cats16499788
|b JSTOR
|
| 040 |
|
|
|a NhCcYBP
|c NhCcYBP
|
| 042 |
|
|
|a pcc
|
| 050 |
|
4 |
|a UG1242.D7
|b D46 2023
|
| 072 |
|
7 |
|a PHI
|x 005000
|2 bisacsh
|
| 072 |
|
7 |
|a PHI
|x 019000
|2 bisacsh
|
| 072 |
|
7 |
|a LIT
|x 025030
|2 bisacsh
|
| 072 |
|
7 |
|a LIT
|x 025060
|2 bisacsh
|
| 072 |
|
7 |
|a POL
|x 062000
|2 bisacsh
|
| 082 |
0 |
0 |
|a 623.74/69
|2 23/eng/20230206
|
| 100 |
1 |
|
|a DeGabriele, Peter,
|e author.
|1 https://id.oclc.org/worldcat/entity/E39PCjx4YrFqgYDCMFdc69gqPP
|
| 245 |
1 |
0 |
|a Drone enlightenment :
|b the colonial roots of remote warfare /
|c Peter DeGabriele.
|
| 264 |
|
1 |
|a Charlottesville :
|b University of Virginia Press,
|c 2023.
|
| 264 |
|
4 |
|c ©2023
|
| 300 |
|
|
|a 1 online resource.
|
| 336 |
|
|
|a text
|b txt
|2 rdacontent
|
| 337 |
|
|
|a computer
|b c
|2 rdamedia
|
| 338 |
|
|
|a online resource
|b cr
|2 rdacarrier
|
| 504 |
|
|
|a Includes bibliographical references and index.
|
| 505 |
0 |
|
|a Introduction : drone warfare, enlightenment, and asymmetry -- Sovereign (ir)responsibility -- Remote occupation -- Deferred extermination -- Epilogue : publicity and mediation.
|
| 588 |
|
|
|a Description based on online resource; title from digital title page (viewed on May 23, 2023).
|
| 650 |
|
0 |
|a Drone warfare.
|
| 650 |
|
0 |
|a Asymmetric warfare.
|
| 655 |
|
7 |
|a Electronic books.
|2 local
|
| 776 |
1 |
8 |
|i Print version:
|a DeGabriele, Peter.
|t Drone enlightenment
|d Charlottesville : University of Virginia Press, [2023]
|z 9780813949536
|w (DLC) 2022055984
|
| 856 |
4 |
0 |
|u http://proxy.library.tamu.edu/login?url=https://www.jstor.org/stable/10.2307/jj.16552225
|z Connect to the full text of this electronic book
|t 0
|
| 955 |
|
|
|a JSTOR DDA record
|
| 999 |
f |
f |
|s 9691e08c-57e6-4b88-b7a1-eca808112796
|i 5b7befac-ff89-4787-81c8-dff7d3d40bce
|t 0
|
| 952 |
f |
f |
|a Texas A&M University
|b College Station
|c Electronic Resources
|d Available Online
|t 0
|e UG1242.D7 D46 2023
|h Library of Congress classification
|
| 998 |
f |
f |
|a UG1242.D7 D46 2023
|t 0
|l Available Online
|